| 000 | 00629nam a2200205 a 4500 | ||
|---|---|---|---|
| 003 | PILC | ||
| 005 | 20160303135658.0 | ||
| 008 | 101015s19uu xx 00 eng d | ||
| 020 | _a9781844800001 | ||
| 050 |
_aG 155.A1 _b.M934 2010 |
||
| 100 | _aMoutinho, Luiz. | ||
| 245 |
_aStrategic marketing management : _ba business process approach / _cLuiz Moutinho & Geoff Southern. |
||
| 260 |
_aAustralia : _bCengage Learning, _c2010. |
||
| 300 |
_a490 pages : _billustrations ; _c27 cm. |
||
| 500 | _aIncludes index. | ||
| 650 |
_aMarketing _xManagement. |
||
| 700 | _aSouthern, Geoff. | ||
| 942 |
_cBK _2lcc _kFOR |
||
| 999 |
_c39653 _d39653 |
||